[Event "10th Lost Boys op"]
[Site "Amsterdam NED"]
[Date "2002.07.28"]
[Round "3.24"]
[White "Riemens, Albert"]
[Black "Smeets, Jan"]
[Result "0-1"]
[WhiteElo "2225"]
[BlackElo "2392"]
[EventDate "2002.07.26"]
[PlyCount "64"]

1.e4 e5 2.Nf3 Nc6 3.Bb5 a6 4.Ba4 Nf6 5.O-O Nxe4 6.d4 b5 7.Bb3 d5 8.dxe5 
Be6 9.Be3 Be7 10.Nbd2 Nc5 11.c3 Nd3 12.Qb1 Ndxe5 13.Nxe5 Nxe5 14.Bd4 Nc4 
15.Bxc4 dxc4 16.Bxg7 Rg8 17.Qxh7 Rxg7 18.Qxg7 Qxd2 19.Rad1 Qg5 20.Qh8+ Bf8
21.f4 Qc5+ 22.Kh1 Rd8 23.Rxd8+ Kxd8 24.f5 Bd5 25.Qf6+ Be7 26.Qh8+ Kd7 27.
f6 Bd6 28.Re1 Bxg2+ 29.Kxg2 Qd5+ 30.Kf2 Bc5+ 31.Kg3 Qg5+ 32.Kh3 Qf5+ 0-1

[Event "10th Lost Boys op"]
[Site "Amsterdam NED"]
[Date "2002.07.28"]
[Round "3.25"]
[White "Vidarsson, Jon Gardar"]
[Black "Helvensteijn, Dennis"]
[Result "1-0"]
[WhiteElo "2378"]
[BlackElo "2242"]
[EventDate "2002.07.26"]
[PlyCount "65"]

1.e4 c6 2.d4 d5 3.e5 c5 4.dxc5 e6 5.Be3 Nd7 6.Bb5 Qc7 7.Nf3 Bxc5 8.O-O 
Bxe3 9.fxe3 Nh6 10.Qd3 a6 11.Qa3 Ng4 12.Nbd2 Rb8 13.Bxd7+ Bxd7 14.c4 Bc6 
15.cxd5 exd5 16.Nd4 Qxe5 17.Rf4 Nh6 18.Nxc6 bxc6 19.Qc5 Qe6 20.e4 Rb5 21.
exd5 Rxc5 22.dxe6 fxe6 23.Re1 Kd7 24.Ne4 Rc2 25.b4 Re8 26.Nc5+ Kc8 27.Rxe6
Rxe6 28.Nxe6 g6 29.Rh4 Nf5 30.Rxh7 Ne3 31.h4 Rxg2+ 32.Kh1 Rg4 33.a3 1-0

[Event "10th Lost Boys op"]
[Site "Amsterdam NED"]
[Date "2002.07.28"]
[Round "3.26"]
[White "Jens, Jelmer"]
[Black "Nicolai, Erik"]
[Result "1-0"]
[WhiteElo "2369"]
[BlackElo "2238"]
[EventDate "2002.07.26"]
[PlyCount "65"]

1.e4 Nf6 2.e5 Nd5 3.d4 d6 4.Nf3 Nb6 5.a4 a5 6.Nc3 g6 7.exd6 cxd6 8.Bb5+ 
Bd7 9.h4 h5 10.Ng5 Bg7 11.Qf3 O-O 12.Qxb7 Bc8 13.Qf3 Bxd4 14.O-O N8d7 15.
Bf4 Nc5 16.Rfe1 Bb7 17.Qe2 Bf6 18.Nf3 Kg7 19.Qe3 Rh8 20.Bg5 e5 21.Nxe5 
Bxg5 22.hxg5 Rc8 23.Rad1 Qc7 24.Nf3 Rhd8 25.Qf4 Ne6 26.Qf6+ Kg8 27.Nd4 
Nxd4 28.Re7 Qxe7 29.Qxe7 Nxb5 30.Nxb5 Bd5 31.Qa7 Rc6 32.Nd4 Ra8 33.Qb7 1-0

[Event "10th Lost Boys op"]
[Site "Amsterdam NED"]
[Date "2002.07.28"]
[Round "3.27"]
[White "Wegerle, Jorg"]
[Black "Martinez Rodriguez, Pablo"]
[Result "1/2-1/2"]
[WhiteElo "2365"]
[BlackElo "2222"]
[EventDate "2002.07.26"]
[PlyCount "108"]

1.c4 g6 2.g3 Bg7 3.Bg2 e5 4.Nc3 d6 5.d3 Ne7 6.e3 c5 7.b3 Nbc6 8.Bb2 Be6 9.
Nge2 d5 10.O-O O-O 11.e4 dxe4 12.dxe4 Nd4 13.Nxd4 exd4 14.Nd5 Bxd5 15.exd5
Nf5 16.Be4 Nd6 17.Bd3 Qd7 18.Re1 b6 19.Qd2 a5 20.Re2 Rfe8 21.Rae1 Rxe2 22.
Rxe2 Re8 23.Bc1 Rxe2 24.Qxe2 Qe8 25.Qxe8+ Nxe8 26.Kg2 f5 27.Bf4 Bf8 28.Be5
Bd6 29.f4 Kf7 30.Kf3 Be7 31.h3 h5 32.g4 hxg4+ 33.hxg4 Nd6 34.a3 Bf8 35.b4 
axb4 36.axb4 Be7 37.b5 Bf8 38.Kg2 Be7 39.Kg3 Bf8 40.Bxd6 Bxd6 41.gxf5 gxf5
42.Bxf5 Kf6 43.Bd3 Bf8 44.Kf3 Be7 45.Bf1 Kf5 46.Bh3+ Kf6 47.Bg4 Bd6 48.Ke4
Kg6 49.Be2 Kf6 50.Bh5 d3 51.Kxd3 Bxf4 52.d6 Bxd6 53.Ke4 Bg3 54.Kd5 Be1 
1/2-1/2

[Event "10th Lost Boys op"]
[Site "Amsterdam NED"]
[Date "2002.07.28"]
[Round "3.28"]
[White "Muhren, Willem"]
[Black "Van Wessel, Rudy"]
[Result "0-1"]
[WhiteElo "2182"]
[BlackElo "2360"]
[EventDate "2002.07.26"]
[PlyCount "74"]

1.e4 e5 2.Nf3 Nc6 3.Nc3 Nf6 4.g3 Bc5 5.Bg2 d6 6.d3 a6 7.h3 h6 8.O-O Be6 9.
Be3 Bxe3 10.fxe3 Ne7 11.Nh4 c6 12.Nf5 Bxf5 13.exf5 d5 14.d4 Qd6 15.Ne2 c5 
16.c4 O-O 17.e4 cxd4 18.cxd5 Qb6 19.Nc1 Nc8 20.Nd3 Re8 21.Qe2 Nd6 22.Rac1 
Rac8 23.Kh1 Nc4 24.g4 Ne3 25.Rxc8 Rxc8 26.Rc1 Rxc1+ 27.Nxc1 Nd7 28.Nd3 Qb5
29.Bf3 Qc4 30.b3 Qc3 31.h4 f6 32.g5 hxg5 33.hxg5 fxg5 34.Bh5 g4 35.Bg6 g3 
36.d6 Qc6 37.Qh5 Qxe4+ 0-1

[Event "10th Lost Boys op"]
[Site "Amsterdam NED"]
[Date "2002.07.28"]
[Round "3.30"]
[White "Van Delft, Merijn"]
[Black "Geirnaert, Steven"]
[Result "1/2-1/2"]
[WhiteElo "2340"]
[BlackElo "2160"]
[EventDate "2002.07.26"]
[PlyCount "58"]

1.e4 e5 2.Nf3 Nc6 3.Bb5 a6 4.Ba4 Nf6 5.O-O Nxe4 6.d4 b5 7.Bb3 d5 8.dxe5 
Be6 9.Nbd2 Bc5 10.Nxe4 dxe4 11.Bxe6 fxe6 12.Qxd8+ Nxd8 13.Ng5 Bd4 14.Nxe4 
Bxe5 15.c3 O-O 16.Be3 Nb7 17.Rad1 Rad8 18.Ng5 Rfe8 19.Rxd8 Nxd8 20.a4 Nf7 
21.Nxf7 Kxf7 22.axb5 axb5 23.Ra1 b4 24.cxb4 Rb8 25.Bc5 Bxb2 26.Ra7 Be5 27.
g3 Kg6 28.Ra6 Kf6 29.Kg2 Bc3 1/2-1/2

[Event "10th Lost Boys op"]
[Site "Amsterdam NED"]
[Date "2002.07.28"]
[Round "3.31"]
[White "Bakker, Sven"]
[Black "Daly, Colm"]
[Result "0-1"]
[WhiteElo "2149"]
[BlackElo "2338"]
[EventDate "2002.07.26"]
[PlyCount "103"]

1.c4 g6 2.Nc3 Bg7 3.d4 d6 4.e4 Nf6 5.f3 c6 6.Be3 a6 7.a4 a5 8.Bd3 e5 9.d5 
Na6 10.Nge2 Nd7 11.O-O Qe7 12.Nc1 Ndc5 13.Nb3 Nxb3 14.Qxb3 O-O 15.Rfd1 Nc5
16.Qa3 Nxd3 17.Rxd3 c5 18.b3 h5 19.Qc1 Bd7 20.Ra2 b6 21.g3 f5 22.Bg5 Qf7 
23.Rf2 Kh7 24.Kf1 Rae8 25.Ke2 f4 26.Kd1 Bh6 27.Bxh6 Kxh6 28.Kc2 Qf6 29.Rd1
g5 30.Ne2 Re7 31.Rg1 fxg3 32.hxg3 Qg6 33.Qe3 Kg7 34.Rfg2 g4 35.f4 exf4 36.
Nxf4 Rxf4 37.gxf4 Qxe4+ 38.Qxe4 Rxe4 39.Rh2 Be8 40.Rf2 Kf6 41.Kd2 Bg6 42.
Re1 Rd4+ 43.Kc1 Bf7 44.Rh1 Kf5 45.Re1 g3 46.Rg2 h4 47.Re7 Bh5 48.Rh7 Kg4 
49.f5 Rf4 50.Kd2 Rxf5 51.Ke3 Re5+ 52.Kd2 0-1

[Event "10th Lost Boys op"]
[Site "Amsterdam NED"]
[Date "2002.07.28"]
[Round "3.32"]
[White "Roobol, Martin"]
[Black "Piceu, Tom"]
[Result "0-1"]
[WhiteElo "2338"]
[BlackElo "2173"]
[EventDate "2002.07.26"]
[PlyCount "94"]

1.e4 c5 2.Nf3 d6 3.d4 cxd4 4.Nxd4 Nf6 5.Nc3 a6 6.Be3 e5 7.Nb3 Be6 8.Qd2 
Be7 9.f3 O-O 10.O-O-O b5 11.g4 b4 12.Nd5 Bxd5 13.exd5 a5 14.Kb1 Qc7 15.h4 
a4 16.Nc1 Ra5 17.Qxb4 Nxd5 18.Rxd5 Rxd5 19.Bd3 Nd7 20.Bxh7+ Kh8 21.Bd3 Ra5
22.g5 Rb8 23.Qg4 Kg8 24.g6 Bf6 25.gxf7+ Kf8 26.Ne2 Qb7 27.Bc1 Nc5 28.Bg6 
Rb5 29.b3 axb3 30.cxb3 Rxb3+ 31.Kc2 Rb4 32.Qh5 Ke7 33.Ng3 Qd5 34.Nf5+ Kd7 
35.Ne3 Qxa2+ 36.Kd1 Rd4+ 37.Ke1 e4 38.Bxe4 Rxe4 39.fxe4 Nd3+ 40.Kd1 Nf2+ 
41.Ke1 Nxh1 42.Qf5+ Qe6 43.Qa5 Qb3 44.Qf5+ Ke7 45.e5 Qc3+ 46.Kd1 Qd4+ 47.
Kc2 Qxe5 0-1

[Event "10th Lost Boys op"]
[Site "Amsterdam NED"]
[Date "2002.07.28"]
[Round "3.33"]
[White "Theulings, Paul-Peter"]
[Black "Konings, Leon"]
[Result "0-1"]
[WhiteElo "2133"]
[BlackElo "2318"]
[EventDate "2002.07.26"]
[PlyCount "72"]

1.Nf3 d5 2.d4 e6 3.c4 c5 4.cxd5 exd5 5.Nc3 Nc6 6.Bf4 Nf6 7.e3 c4 8.Ne5 Qb6
9.Qc1 Bb4 10.Be2 O-O 11.O-O Bf5 12.f3 Bxc3 13.bxc3 Nxe5 14.Bxe5 Nd7 15.Bg3
Rac8 16.Rd1 Qa5 17.Bd6 Rfe8 18.Kf2 Rc6 19.Bg3 Rce6 20.Qd2 Rxe3 21.Qxe3 
Rxe3 22.Kxe3 Qxc3+ 23.Kf2 Bc2 24.Rac1 Qb2 25.Re1 Qxd4+ 26.Kf1 Qd2 27.Kg1 
h6 28.Bf2 b5 29.Bf1 d4 30.Re8+ Kh7 31.Rce1 Bf5 32.g4 Be6 33.Re4 d3 34.Rd4 
Ne5 35.Kg2 Qd1 36.Rf4 d2 0-1

[Event "10th Lost Boys op"]
[Site "Amsterdam NED"]
[Date "2002.07.28"]
[Round "3.35"]
[White "Happel, Hendrik"]
[Black "Wiersma, Eelke"]
[Result "1/2-1/2"]
[WhiteElo "2254"]
[BlackElo "2382"]
[EventDate "2002.07.26"]
[PlyCount "44"]

1.d4 Nf6 2.c4 c5 3.d5 b5 4.cxb5 a6 5.bxa6 g6 6.Nc3 Bxa6 7.Nf3 Bg7 8.g3 d6 
9.Bg2 Nbd7 10.Rb1 Nb6 11.b3 Bc8 12.e4 Ba6 13.Bf1 Qc8 14.Bb2 O-O 15.a4 Bxf1
16.Kxf1 Qh3+ 17.Kg1 Ne8 18.Ng5 Qd7 19.Kg2 Nc7 20.Qd3 f5 21.f3 Bd4 22.Rhf1 
Rf6 1/2-1/2

[Event "10th Lost Boys op"]
[Site "Amsterdam NED"]
[Date "2002.07.28"]
[Round "3.37"]
[White "Strating, Sybolt"]
[Black "Plasman, Hans"]
[Result "1-0"]
[WhiteElo "2341"]
[BlackElo "2255"]
[EventDate "2002.07.26"]
[PlyCount "127"]

1.d4 Nf6 2.c4 e6 3.g3 Bb4+ 4.Bd2 Qe7 5.Nf3 Nc6 6.Nc3 Bxc3 7.Bxc3 Ne4 8.Rc1
d6 9.Bg2 O-O 10.O-O Nxc3 11.Rxc3 e5 12.d5 Nb8 13.Nd2 f5 14.c5 a5 15.cxd6 
cxd6 16.Qc2 Na6 17.Nc4 Qd8 18.Rb3 Qc7 19.Rc1 Bd7 20.Nb6 Qxc2 21.Rxc2 Rad8 
22.Ra3 a4 23.Nxd7 Rxd7 24.Rxa4 Rc7 25.Rxc7 Nxc7 26.Rb4 b5 27.e4 fxe4 28.
Bxe4 Ra8 29.a3 h6 30.f3 Kf7 31.Kf2 Ra5 32.Rb3 Ke7 33.Ke2 Ra6 34.h4 Ra4 35.
Rc3 Kd7 36.b4 Ra6 37.Kd2 Kd8 38.Kc2 Kd7 39.Kb3 Kd8 40.Rc1 Kd7 41.Rc2 Kd8 
42.g4 Ra7 43.g5 hxg5 44.hxg5 Ke7 45.Rc6 Rb7 46.g6 Kd7 47.Rc2 Ke7 48.Rh2 
Rb8 49.Rh5 Rf8 50.Rh7 Rg8 51.a4 bxa4+ 52.Kxa4 Ra8+ 53.Kb3 Kf6 54.Rh5 Ra7 
55.Kc4 Rb7 56.Rh8 Na6 57.Rf8+ Kg5 58.b5 Rc7+ 59.Kb3 Nc5+ 60.Kb4 Nxe4 61.
fxe4 Rc1 62.b6 Rb1+ 63.Ka5 Kxg6 64.Ka6 1-0

[Event "10th Lost Boys op"]
[Site "Amsterdam NED"]
[Date "2002.07.28"]
[Round "3.39"]
[White "Spaan, Martijn Tigran"]
[Black "O`Cinneide, Mel"]
[Result "1-0"]
[WhiteElo "2311"]
[BlackElo "2251"]
[EventDate "2002.07.26"]
[PlyCount "39"]

1.e4 e6 2.d4 d5 3.Nd2 Nf6 4.e5 Nfd7 5.f4 c5 6.Bd3 Nc6 7.Ngf3 f5 8.Ng5 Nb6 
9.dxc5 Na4 10.Nb3 Nxc5 11.Be3 Nxd3+ 12.Qxd3 Be7 13.h4 Bd7 14.O-O-O Nb4 15.
Qe2 Nxa2+ 16.Kb1 Nb4 17.g4 Bxg5 18.gxf5 exf5 19.hxg5 Qe7 20.Bc5 1-0

[Event "10th Lost Boys op"]
[Site "Amsterdam NED"]
[Date "2002.07.28"]
[Round "3.40"]
[White "Thorhallsson, Gylfi"]
[Black "Wustefeld, Emile"]
[Result "0-1"]
[WhiteElo "2250"]
[BlackElo "2295"]
[EventDate "2002.07.26"]
[PlyCount "122"]

1.e4 e6 2.d4 d5 3.Nd2 Nf6 4.e5 Nfd7 5.f4 c5 6.c3 Nc6 7.Ngf3 cxd4 8.cxd4 f5
9.Bd3 Be7 10.O-O Nb6 11.Qe2 Bd7 12.Kh1 Nb4 13.Bb1 a6 14.Rg1 Bb5 15.Qe3 Rc8
16.b3 a5 17.a4 Ba6 18.Nf1 g6 19.Bd2 Nd7 20.Ng5 Bxg5 21.fxg5 O-O 22.h4 Nb8 
23.Nh2 Qe7 24.g4 N8c6 25.gxf5 exf5 26.Nf3 Nd8 27.Qe1 Ne6 28.Rg3 Rc7 29.Qg1
Ng7 30.Ne1 Rfc8 31.Ng2 Nh5 32.Rh3 Qe6 33.Qe1 f4 34.Kh2 Qg4 35.Qf2 Qg3+ 36.
Rxg3 fxg3+ 37.Qxg3 Nxg3 38.Kxg3 Rc3+ 39.Bxc3 Rxc3+ 40.Kf4 Rc1 41.Ne3 Bd3 
42.e6 Kf8 43.Ke5 Ke7 44.Nxd5+ Nxd5 45.Bxd3 Nb4 46.Rxc1 Nxd3+ 47.Ke4 Nxc1 
48.Ke5 Nd3+ 49.Ke4 Nb4 50.Ke5 Nc6+ 51.Kd5 Nd8 52.Kc4 Kxe6 53.Kc5 Kd7 54.d5
Kc7 55.Kb5 b6 56.b4 axb4 57.Kxb4 Nf7 58.Kc4 Nd6+ 59.Kd4 Kd7 60.Ke5 Ne8 61.
Kd4 Kd6 0-1

[Event "10th Lost Boys op"]
[Site "Amsterdam NED"]
[Date "2002.07.28"]
[Round "3.41"]
[White "De Heer, Machiel"]
[Black "Markus, John Raymond"]
[Result "1-0"]
[WhiteElo "2293"]
[BlackElo "2247"]
[EventDate "2002.07.26"]
[PlyCount "77"]

1.e4 e5 2.Nf3 Nc6 3.Bc4 Nf6 4.d3 Be7 5.O-O O-O 6.Re1 d6 7.a4 Na5 8.Ba2 c5 
9.c3 Nc6 10.Nbd2 h6 11.Nc4 Be6 12.h3 Rb8 13.Ne3 Bxa2 14.Rxa2 d5 15.exd5 
Nxd5 16.Nc4 f6 17.Nh4 Qd7 18.Qh5 Rf7 19.Nf5 Bf8 20.Qg6 Kh8 21.g3 Nd8 22.
Qg4 Kh7 23.Qe4 g6 24.Nh4 f5 25.Qg2 Nc6 26.Nxe5 Nxe5 27.Rxe5 Rd8 28.Ra1 Bg7
29.Re1 Nxc3 30.bxc3 Bxc3 31.Be3 Bxa1 32.Rxa1 Qxd3 33.Nf3 Rc7 34.Bf4 Rcd7 
35.Kh2 Qd5 36.Rc1 b6 37.Re1 c4 38.Re5 Qc6 39.Ng5+ 1-0

[Event "10th Lost Boys op"]
[Site "Amsterdam NED"]
[Date "2002.07.28"]
[Round "3.42"]
[White "Tan, Kevin"]
[Black "Wemmers, Xander"]
[Result "1-0"]
[WhiteElo "2165"]
[BlackElo "2274"]
[EventDate "2002.07.26"]
[PlyCount "115"]

1.e4 c5 2.Nf3 d6 3.d4 cxd4 4.Nxd4 Nf6 5.Nc3 a6 6.Be2 e5 7.Nb3 Be7 8.Be3 
Be6 9.Nd5 Nbd7 10.Qd3 O-O 11.c4 b5 12.cxb5 axb5 13.O-O Bxd5 14.exd5 Ra4 
15.Rfc1 Qa8 16.Rc7 Rb8 17.Qf5 Rxa2 18.Rac1 Rxb2 19.Bxb5 Rxb3 20.Bxd7 Nxd5 
21.Bc6 Nxe3 22.fxe3 g6 23.Qf2 Qa3 24.Rf1 Rb1 25.Qxf7+ Kh8 26.Rxe7 Qxe3+ 
27.Kh1 Rxf1+ 28.Qxf1 Qf4 29.Bf3 Qf5 30.Rc7 d5 31.Rc1 Rb2 32.Bxd5 Qxf1+ 33.
Rxf1 Kg7 34.Kg1 Rd2 35.Bf3 Ra2 36.g3 Rb2 37.Rf2 Rb1+ 38.Kg2 Rb4 39.Re2 Kf6
40.Be4 Rb3 41.h4 Rb4 42.Kh3 h5 43.Rf2+ Kg7 44.Bc2 Rb2 45.Kg2 Kh6 46.Re2 
Ra2 47.Kf2 Rb2 48.Bd3 Rb3 49.Re3 Ra3 50.Rf3 g5 51.hxg5+ Kxg5 52.Be2 Ra7 
53.Rf8 Rh7 54.Kg2 h4 55.g4 h3+ 56.Kh2 e4 57.Rf5+ Kh4 58.g5 1-0

[Event "10th Lost Boys op"]
[Site "Amsterdam NED"]
[Date "2002.07.28"]
[Round "3.43"]
[White "Vogel, Jaap"]
[Black "Hopman, Pieter"]
[Result "1-0"]
[WhiteElo "2266"]
[BlackElo "2225"]
[EventDate "2002.07.26"]
[PlyCount "99"]

1.Nf3 d6 2.d4 Bg4 3.g3 Bxf3 4.exf3 Nd7 5.Bd3 e6 6.O-O Ne7 7.Re1 g6 8.c3 
Bg7 9.Nd2 d5 10.Nf1 O-O 11.Be3 Re8 12.Qd2 b6 13.Kg2 c5 14.Bb5 c4 15.g4 a6 
16.Ba4 b5 17.Bc2 Nc6 18.Ng3 Qb6 19.a3 a5 20.Bh6 Bh8 21.h4 b4 22.h5 b3 23.
Bb1 e5 24.hxg6 hxg6 25.dxe5 Rxe5 26.Bxg6 fxg6 27.Rxe5 Ndxe5 28.Qxd5+ Nf7 
29.Qe6 Bg7 30.Bxg7 Kxg7 31.Ne4 Rb8 32.Qf6+ Kf8 33.Qxg6 Nce5 34.Qf5 Qg6 35.
Qxg6 Nxg6 36.Kg3 Rd8 37.f4 Kg7 38.f3 Rd3 39.Re1 Nd6 40.Re2 Nxe4+ 41.Rxe4 
Rd2 42.f5 Rxb2 43.Rxc4 Ne5 44.Rc7+ Kf6 45.Kf4 Nd3+ 46.Ke3 Rb1 47.Kxd3 Rd1+
48.Ke4 Kg5 49.Rg7+ Kf6 50.Rb7 1-0

[Event "10th Lost Boys op"]
[Site "Amsterdam NED"]
[Date "2002.07.28"]
[Round "3.44"]
[White "Blanchard, Jack"]
[Black "Michielsen, Joost"]
[Result "1/2-1/2"]
[WhiteElo "2255"]
[BlackElo "2163"]
[EventDate "2002.07.26"]
[PlyCount "89"]

1.d4 Nf6 2.c3 c5 3.Nf3 g6 4.Bf4 b6 5.e3 Bb7 6.Nbd2 d6 7.h3 Nbd7 8.Be2 Bg7 
9.O-O O-O 10.Re1 Rc8 11.Bf1 Rc7 12.Bh2 Qa8 13.Bf4 Rcc8 14.Bg5 Rfe8 15.Qb3 
a6 16.a4 Bxf3 17.Nxf3 Ne4 18.Bf4 Qb7 19.Bd3 d5 20.Be2 e6 21.Red1 h6 22.c4 
Red8 23.cxd5 exd5 24.dxc5 Ndxc5 25.Qa2 Ne6 26.Be5 Bxe5 27.Nxe5 Qc7 28.Nd3 
d4 29.Rac1 Qd6 30.exd4 Nxd4 31.Bg4 Rxc1 32.Rxc1 h5 33.Bd1 Qf6 34.b4 Nf5 
35.Qe2 Qd4 36.Bc2 Rc8 37.Re1 Nfg3 38.Qe3 Qxe3 39.Rxe3 Rxc2 40.fxg3 Nf6 41.
a5 bxa5 42.bxa5 Rc3 43.Rf3 Nd5 44.Ne5 Rxf3 45.gxf3 1/2-1/2

[Event "10th Lost Boys op"]
[Site "Amsterdam NED"]
[Date "2002.07.28"]
[Round "3.45"]
[White "Van der Spek, Hein Piet"]
[Black "Ryan, Joseph"]
[Result "1-0"]
[WhiteElo "2243"]
[BlackElo "2289"]
[EventDate "2002.07.26"]
[PlyCount "133"]

1.e4 e6 2.d3 d5 3.Nd2 Nf6 4.Ngf3 Nc6 5.c3 a5 6.Be2 Be7 7.Qc2 e5 8.h3 a4 9.
g4 h6 10.Nf1 d4 11.Ng3 a3 12.O-O Nh7 13.cxd4 Nxd4 14.Nxd4 Qxd4 15.Be3 Qd6 
16.b3 Ng5 17.Kg2 Ne6 18.Nf5 Qd8 19.Rad1 Bg5 20.Qc3 Qf6 21.d4 exd4 22.Bxd4 
Nxd4 23.Qxd4 Qxd4 24.Nxd4 Bf4 25.Bb5+ Ke7 26.Nf5+ Kf6 27.Kf3 Be5 28.Ke3 c6
29.f4 Bxf4+ 30.Rxf4 cxb5 31.Nd6+ Ke6 32.Rxf7 g5 33.Rg7 Kf6 34.Rf7+ Ke6 35.
Rd5 Ra6 36.Rg7 Kf6 37.Rc7 Rc6 38.Nxb5 Rxc7 39.e5+ Ke7 40.Nxc7 h5 41.Ra5 
hxg4 42.hxg4 Bxg4 43.Rxa3 Rh3+ 44.Kd4 Bf3 45.Ra8 g4 46.Nd5+ Kf7 47.e6+ 
Kxe6 48.Nf4+ Kf7 49.Nxh3 gxh3 50.Rh8 Bg2 51.Ke3 Ke6 52.Kf2 Kd5 53.Rc8 Kd4 
54.Kg3 b5 55.a4 bxa4 56.bxa4 Kd5 57.a5 Bf1 58.Rc1 Bb5 59.Kxh3 Kd6 60.Kg3 
Ba6 61.Kf4 Bb7 62.Ke3 Ba6 63.Kd4 Bb7 64.Rg1 Kc6 65.Rg6+ Kc7 66.Kc5 Bc8 67.
Rg7+ 1-0

[Event "10th Lost Boys op"]
[Site "Amsterdam NED"]
[Date "2002.07.28"]
[Round "3.46"]
[White "Kohler, Aran"]
[Black "Bertrem, Stijn"]
[Result "0-1"]
[WhiteElo "2298"]
[BlackElo "2220"]
[EventDate "2002.07.26"]
[PlyCount "88"]

1.d4 Nf6 2.Nf3 c5 3.c3 b6 4.Bg5 Bb7 5.e3 d6 6.Bxf6 gxf6 7.Bb5+ Nd7 8.d5 a6
9.Bxd7+ Qxd7 10.c4 Bg7 11.Nc3 O-O 12.a4 f5 13.Qb3 Rab8 14.O-O e5 15.e4 
fxe4 16.Nxe4 Bc8 17.Nc3 Qe7 18.Rfe1 Kh8 19.Nd2 Bh6 20.Nf1 Rg8 21.Ne2 Qg5 
22.g3 Qh5 23.Ra3 Bg4 24.f3 Bd7 25.Kf2 b5 26.cxb5 axb5 27.a5 f5 28.a6 f4 
29.a7 Ra8 30.Ra6 e4 31.gxf4 Qh4+ 32.Neg3 Bh3 33.Qc3+ Bg7 34.Qc2 Bd4+ 35.
Ke2 exf3+ 36.Kd1 f2 37.Re4 Bxf1 38.Nxf1 Qh5+ 39.Qe2 Qxd5 40.Nd2 Qb7 41.
Rxd6 Rg1+ 42.Kc2 Re1 43.Rexd4 Rxe2 44.Rd8+ Re8 0-1

[Event "10th Lost Boys op"]
[Site "Amsterdam NED"]
[Date "2002.07.28"]
[Round "3.47"]
[White "Boersma, Jan"]
[Black "Van Kooten, Luuk"]
[Result "1-0"]
[WhiteElo "2230"]
[BlackElo "2259"]
[EventDate "2002.07.26"]
[PlyCount "91"]

1.e4 e5 2.Nf3 Nc6 3.Nc3 Nf6 4.Bb5 Bd6 5.d3 a6 6.Ba4 h6 7.O-O b5 8.Bb3 Bb7 
9.a4 b4 10.Nb1 O-O 11.Nbd2 Na5 12.Ba2 Re8 13.Nh4 Bf8 14.Qf3 d5 15.Nf5 c5 
16.Qg3 Kh7 17.Ne3 c4 18.Nxd5 Nxd5 19.exd5 b3 20.Bb1 bxc2 21.Bxc2 cxd3 22.
Qxd3+ g6 23.Ne4 f5 24.Nc3 Rc8 25.Rd1 Nc4 26.Bb3 Nd6 27.a5 Bg7 28.Bd2 e4 
29.Qe2 g5 30.h4 gxh4 31.Qh5 Qf6 32.Bf4 Red8 33.Ne2 Nc4 34.Bxc4 Rxc4 35.d6 
Bc6 36.Rac1 Be8 37.Qxe8 Rxe8 38.Rxc4 Rd8 39.Nc3 Qe6 40.Rc7 Rd7 41.Nd5 e3 
42.fxe3 h3 43.gxh3 Qg6+ 44.Kf2 Rxd6 45.Bxd6 Qxd6 46.Rg1 1-0

[Event "10th Lost Boys op"]
[Site "Amsterdam NED"]
[Date "2002.07.28"]
[Round "3.48"]
[White "Roebers, Jan"]
[Black "Van Helvoort, Rob A. M."]
[Result "1/2-1/2"]
[WhiteElo "2250"]
[BlackElo "2182"]
[EventDate "2002.07.26"]
[PlyCount "150"]

1.e4 e6 2.d4 d5 3.Nc3 Bb4 4.e5 Ne7 5.a3 Bxc3+ 6.bxc3 c5 7.a4 Qc7 8.Nf3 h6 
9.Qd2 b6 10.Bb5+ Bd7 11.Be2 Nbc6 12.O-O g5 13.Ba3 Na5 14.Rfd1 cxd4 15.cxd4
Nc4 16.Qc3 Rc8 17.Bxe7 Kxe7 18.Qb4+ Ke8 19.Bd3 Qd8 20.Nd2 Na5 21.Nb3 Nc4 
22.Nd2 Na5 23.Rdc1 Qe7 24.Qb2 Kf8 25.Ba6 Rd8 26.c4 Bc6 27.c5 Rb8 28.Qc3 
Kg7 29.h3 Bb7 30.Be2 Rhc8 31.f4 gxf4 32.Rf1 Qg5 33.Rf2 f6 34.exf6+ Qxf6 
35.Raf1 Rf8 36.Rxf4 Qe7 37.Qg3+ Kh8 38.Qg6 Qg7 39.Qxg7+ Kxg7 40.Rg4+ Kh8 
41.cxb6 Rxf1+ 42.Bxf1 axb6 43.Rg6 Re8 44.Bd3 Bc6 45.Nf3 Nc4 46.Rxh6+ Kg8 
47.Rg6+ Kf8 48.Ng5 Bxa4 49.Rf6+ Kg7 50.Rxe6 Kf8 51.Rxe8+ Kxe8 52.Kf2 b5 
53.Ne6 Ke7 54.Nc5 Nb2 55.Ke2 Kf6 56.Na6 Kg5 57.g3 Bd1+ 58.Kd2 Nxd3 59.Kxd3
Bf3 60.Ke3 Bg2 61.h4+ Kg4 62.Nb4 Bh1 63.Kf2 Kf5 64.Ke3 Kg4 65.h5 Kxh5 66.
Kf4 Kg6 67.Ke5 Kg5 68.Nxd5 Kg4 69.Nf6+ Kxg3 70.Ne4+ Kh4 71.d5 Bg2 72.d6 
Bh3 73.Kd5 Kh5 74.Nc5 Kg6 75.Ne6 Kf6 1/2-1/2

[Event "10th Lost Boys op"]
[Site "Amsterdam NED"]
[Date "2002.07.29"]
[Round "4.1"]
[White "Van Wely, Loek"]
[Black "Sokolov, Ivan"]
[Result "1-0"]
[WhiteElo "2645"]
[BlackElo "2677"]
[EventDate "2002.07.26"]
[PlyCount "109"]

1.d4 d5 2.c4 c6 3.Nf3 Nf6 4.e3 Bf5 5.Nc3 e6 6.Nh4 Be4 7.f3 Bg6 8.Qb3 Qc7 
9.Bd2 Be7 10.Nxg6 hxg6 11.O-O-O Nbd7 12.cxd5 Nxd5 13.Kb1 Nxc3+ 14.Bxc3 a5 
15.e4 b5 16.d5 Nc5 17.Qc2 O-O 18.h4 b4 19.Bd4 cxd5 20.exd5 e5 21.Be3 a4 
22.d6 Bxd6 23.Rxd6 Qxd6 24.Bxc5 b3 25.Bxd6 bxc2+ 26.Kc1 Rfd8 27.Bb4 Rd1+ 
28.Kxc2 Ra1 29.g4 a3 30.bxa3 Rc8+ 31.Bc3 Rxa2+ 32.Kb3 Rxa3+ 33.Kxa3 Rxc3+ 
34.Kb4 Rxf3 35.Bc4 Rf4 36.g5 Kh7 37.Kc5 e4 38.Rh3 Kg8 39.Bd5 e3 40.Rxe3 
Rxh4 41.Rf3 Kh7 42.Bxf7 Rh5 43.Rg3 Rh1 44.Be6 Rh5 45.Kd6 Rh1 46.Rh3+ Rxh3 
47.Bxh3 Kg8 48.Ke7 Kh7 49.Bf1 Kg8 50.Bd3 Kh7 51.Be4 Kg8 52.Bxg6 Kh8 53.Be4
Kg8 54.Ke8 Kh8 55.Kf8 1-0

[Event "10th Lost Boys op"]
[Site "Amsterdam NED"]
[Date "2002.07.29"]
[Round "4.2"]
[White "Nijboer, Friso"]
[Black "Gurevich, Mikhail"]
[Result "1-0"]
[WhiteElo "2567"]
[BlackElo "2649"]
[EventDate "2002.07.26"]
[PlyCount "87"]

1.e4 e6 2.d4 d5 3.Nc3 Nf6 4.e5 Nfd7 5.f4 c5 6.Nf3 Nc6 7.Be3 cxd4 8.Nxd4 
Bc5 9.Qd2 O-O 10.O-O-O Nxd4 11.Bxd4 a6 12.Bxc5 Nxc5 13.Qd4 b6 14.Kb1 Bb7 
15.Bd3 Rc8 16.Rhe1 Qc7 17.g4 f6 18.f5 Nxd3 19.cxd3 Rfe8 20.exf6 e5 21.Qf2 
d4 22.Ne4 Bxe4 23.dxe4 gxf6 24.h4 Red8 25.Qd2 Rd6 26.Rc1 Rc6 27.Rxc6 Qxc6 
28.g5 Kg7 29.a3 a5 30.Qg2 Kh8 31.Qd2 Rc7 32.h5 Kg7 33.h6+ Kf7 34.Qg2 fxg5 
35.Qxg5 Qf6 36.Qh5+ Kf8 37.Rg1 Rf7 38.Rc1 Qd8 39.Qh2 Re7 40.Qg3 d3 41.Rg1 
Ke8 42.Qg8+ Kd7 43.Qd5+ Kc8 44.Rg8 1-0

[Event "10th Lost Boys op"]
[Site "Amsterdam NED"]
[Date "2002.07.29"]
[Round "4.3"]
[White "Sadvakasov, Darmen"]
[Black "Hendriks, Willy"]
[Result "1-0"]
[WhiteElo "2534"]
[BlackElo "2410"]
[EventDate "2002.07.26"]
[PlyCount "57"]

1.e4 d6 2.d4 Nf6 3.Nc3 g6 4.Bg5 Bg7 5.f4 c6 6.Qd2 O-O 7.Bd3 b5 8.Nf3 Bg4 
9.O-O Qb6 10.Ne2 c5 11.e5 Re8 12.c3 Nd5 13.Be4 e6 14.Kh1 Nd7 15.h3 Bxf3 
16.Rxf3 Rac8 17.Raf1 cxd4 18.cxd4 b4 19.f5 dxe5 20.Bh6 exf5 21.Bxd5 e4 22.
Rb3 Bxh6 23.Qxh6 Nf6 24.Rxf5 gxf5 25.Rg3+ Ng4 26.Qf4 Kh8 27.hxg4 Rg8 28.
Qe5+ f6 29.Qxf5 1-0

[Event "10th Lost Boys op"]
[Site "Amsterdam NED"]
[Date "2002.07.29"]
[Round "4.4"]
[White "Odendahl, Reiner"]
[Black "Sutovsky, Emil"]
[Result "0-1"]
[WhiteElo "2379"]
[BlackElo "2658"]
[EventDate "2002.07.26"]
[PlyCount "92"]

1.Nf3 Nf6 2.c4 c5 3.g3 g6 4.Bg2 Bg7 5.O-O O-O 6.d4 d5 7.dxc5 Na6 8.Nc3 
dxc4 9.Qxd8 Rxd8 10.Ne5 Nxc5 11.Nxc4 Be6 12.Na5 Nd5 13.Nxd5 Bxd5 14.Be3 
Ne4 15.Rfd1 Bxb2 16.Nxb7 Bxb7 17.Rxd8+ Rxd8 18.Rb1 a5 19.h4 Nxg3 20.Rxb2 
Bxg2 21.fxg3 Bh3 22.Rb7 Rd1+ 23.Kh2 Bd7 24.g4 Bxg4 25.Bh6 f5 26.Rxe7 Re1 
27.Bd2 Ra1 28.Bxa5 Rxa2 29.Bc3 Rc2 30.Bf6 f4 31.Bg5 Kf8 32.Re4 f3 33.Kg3 
Bf5 34.Re3 fxe2 35.Kf2 Bg4 36.Re4 h5 37.Ra4 Rb2 38.Rc4 Rb3 39.Rc1 Kf7 40.
Be3 Rd3 41.Re1 Ke6 42.Bg5 Kf5 43.Be3 Ke4 44.Bg5 Rd7 45.Rg1 Rf7+ 46.Ke1 Ke5
0-1

[Event "10th Lost Boys op"]
[Site "Amsterdam NED"]
[Date "2002.07.29"]
[Round "4.6"]
[White "Afek, Yochanan"]
[Black "Timman, Jan"]
[Result "0-1"]
[WhiteElo "2329"]
[BlackElo "2623"]
[EventDate "2002.07.26"]
[PlyCount "122"]

1.e4 e6 2.d4 d5 3.Nc3 Bb4 4.Ne2 dxe4 5.a3 Be7 6.Nxe4 Nc6 7.c3 Nf6 8.N2g3 
Nxe4 9.Nxe4 Qd5 10.Qf3 Bd7 11.Ng5 f6 12.Qxd5 exd5 13.Nf3 Bd6 14.Bd3 Ne7 
15.Bd2 Kf7 16.O-O Bf5 17.Bxf5 Nxf5 18.Rfe1 g5 19.Re2 h5 20.Ne1 b6 21.Nc2 
Rhe8 22.Rxe8 Rxe8 23.Ne3 Bf4 24.Nxf5 Bxd2 25.Kf1 Bf4 26.g3 Kg6 27.gxf4 
Kxf5 28.fxg5 fxg5 29.a4 a5 30.b4 Ra8 31.b5 Ke4 32.Ke2 Rf8 33.Re1 Rf3 34.
Kf1+ Kd3 35.Re7 Kxc3 36.Rxc7+ Kb4 37.Rc6 Kxa4 38.Rxb6 Rb3 39.Rg6 g4 40.b6 
Rb5 41.Rc6 Rb1+ 42.Kg2 Rb4 43.Rc5 Rxb6 44.Rxd5 Rb5 45.Rd8 Kb3 46.d5 a4 47.
d6 Rb6 48.d7 Rb7 49.h3 a3 50.hxg4 hxg4 51.Kg3 a2 52.Ra8 Rxd7 53.Rb8+ Kc2 
54.Ra8 Kb3 55.Rb8+ Kc4 56.Rc8+ Kb5 57.Ra8 Rd2 58.f4 gxf3 59.Kxf3 Kc4 60.
Ke3 Rh2 61.Ra7 Kc3 0-1